00858nam a22002417a 4500003000900000005001700009008003100026020001500057040002200072082002200094100003900116245007000155260004400225300002700269590002600296650003500322650003300357700003300390910004200423942001200465952012200477999001700599DO-SdBNP20240806130818.0161202b20uu xxu a 00| 0 spa d a2350240606 aBPMSUbspacBPMSU 4a843.47bP454g2221 aPerrault, Charles d1628-1703 96813aEl gato con botas /cCharles Perrault ; ilustración Yann Couvin a[ Madrid] :bLire Cest Partir,c[200-?] a31 p. :bil, ;c20 cm. aInventariado, 2024/VM 4aCuentos infantiles franceses  4aLiteratura infantil francesa1 aCouvin, Yanneilustración  aVMateo V. Control de calidad. BPMSUb  2ddccBK 00102ddc40708CI-GaBPMETbBPMETd2024-08-06l0oBPMSU CGI 843.47 P454gpBPMSU24080005r2024-08-06w2024-08-06yBK c14763d14763